Trouver tout les pays d'Afriques avec les Armoiries , sceau - Statistiques

Statistiques générales
  • Ce quiz a été pris 57 fois
  • Le résultat moyen est 33 sur 54
Statistiques - réponses
Par images Réponse % Correct
Éthiopie
93%
Angola
86%
Burkina Faso
86%
Cameroun
86%
Madagascar
86%
Comores
84%
Mozambique
84%
Rwanda
84%
Somalie
84%
Côte d'Ivoire
82%
Soudan du Sud
82%
Tunisie
82%
Égypte
80%
Niger
80%
Cap-Vert
77%
Kenya
77%
Maroc
77%
Mauritanie
77%
Zambie
77%
Érythrée
75%
Libéria
75%
Mali
75%
Sao Tomé-et-Principe
75%
Togo
75%
Centrafrique
73%
Namibie
70%
République du Congo
70%
Tanzanie
70%
Algérie
66%
Eswatini
66%
Guinée
59%
Guinée équatoriale
59%
Libye
55%
Botswana
52%
Soudan
52%
Ghana
50%
Zimbabwe
50%
République démocratique du Congo
48%
Gabon
45%
Seychelles
45%
Djibouti
39%
Maurice
39%
Sénégal
39%
Afrique du Sud
36%
Guinée-Bissau
36%
Malawi
34%
Nigeria
34%
Bénin
32%
Lesotho
32%
Tchad
32%
Ouganda
30%
Burundi
27%
Gambie
25%
Sierra Leone
23%
Aucun quiz correspondant
Distribution des résultats
% des personnes avec chaque résultat
Percentile par nombre de réponses
Votre historique - résultats
Vous n’avez pas pris ce quiz